000 004550000a22001690004500
003 MACL
005 20151230130947.0
008 151230b xxu||||| |||| 00| 0 eng d
040 _aMACL
_cMACL
041 _aEnglish
082 _a321.07/PAG
100 _aPaget, Valerian
_924830
245 _aMores Millennium
_bBeing the Utopia of Sir Thomas More
260 _bAlston Rivers Ltd
_c1909
650 _aPolitical Science
_988
942 _cBK
_k321.07/PAG
_2ddc
999 _c38146
_d38146